00290nam a22000977a 4500082001500000100003400015245004500049260005100094300001000145526003700155 a628.1bPRO aPakistan Engineering Congress a73rd Annual session Proceeding 2014-2015 aLahore,bPakistan Engineering Congress,c2015. a483p. a0b0c0d628_100000000000000_PRO